[Event "SK Starnberg 1-SC Groebenzell 2"]
[Site "?"]
[Date "2024.11.10"]
[Round "3.3"]
[White "Tunka, Philipp"]
[Black "Szalewa, Sven"]
[Result "1-0"]
[WhiteElo "2056"]
[BlackElo "2061"]
[Annotator "Stockfish 17"]
[PlyCount "79"]
[EventDate "2024.??.??"]
[WhiteTeam "SC Gröbenzell 2"]
[BlackTeam "SK Starnberg 1"]

{[%evp 15,79,38,42,-25,-29,-36,-32,-45,36,-6,21,22,72,69,65,51,54,52,73,50,63,
49,60,-2,11,-15,-22,-29,-22,-20,-22,-42,-40,-129,-44,-64,-5,-119,-115,-112,
-106,-119,-109,-117,-119,-117,-80,-75,-76,-73,79,58,66,-26,86,1,1,2,2,4,2,3,3,
10,15,0]} 1. d4 d5 2. c4 c6 3. Nf3 Nf6 4. e3 a6 5. a4 e6 6. Nc3 Nbd7 7. Bd3 Be7
8. O-O O-O 9. Qb3 (9. b3 $14) 9... dxc4 $11 10. Bxc4 b5 11. Bd3 Rb8 (11... Bb7
$15) 12. Rd1 b4 13. Ne4 a5 $6 (13... Nxe4 $142 14. Bxe4 Bb7) 14. Nxf6+ Nxf6 15.
Qc2 Bb7 16. e4 h6 17. Be3 Rc8 $1 18. h3 Nd7 19. Rac1 (19. Qe2 $14) 19... c5 $1
{[%cal Rc5d4]} 20. Qe2 cxd4 $1 21. Rxc8 Qxc8 22. Bxd4 Rd8 23. Bb1 Qa8 24. Ne1
$6 (24. b3 $15) 24... Nf8 (24... Nc5 $17 {[%cal Rc5e4]} 25. Bxc5 Rxd1 26. Qxd1
Bxc5) 25. Qg4 {[%csl Gd4][%cal Rg4g7]} f6 (25... Ng6 {ist interessant.} 26. Bb6
Rc8 27. Bd4 b3 28. e5 Nh4) 26. e5 $2 (26. Bb6 $11 {hält das Gleichgewicht.}
Rxd1 27. Qxd1) 26... f5 $17 27. Qe2 Bd5 28. Be3 Qc6 29. Qb5 Qxb5 30. axb5 Bc4
31. Rxd8 Bxd8 32. Bd3 Bxd3 $2 (32... Bd5 $17) 33. Nxd3 {[%mdl 4096] Endspiel
KLS-KLS} Nd7 34. Nc5 {[#]} ({Besser ist} 34. Kf1 $14) 34... Nxe5 $6 {[#]} (
34... f4 $1 $11 35. Bd4 (35. Nxd7 fxe3 36. Kf1 a4 $17) 35... Bb6 36. Nxe6 (36.
Nxd7 Bxd4 37. b6 a4 $17) 36... a4) 35. Nxe6 ({Günstiger ist} 35. Nb7 $1 $16 {
[%cal Rb7d8]} Nf7 36. Kf1) 35... Bf6 $11 {Die Stellung ist ausgeglichen.} 36.
Nc5 Nc4 37. b3 Nxe3 38. fxe3 Bd8 39. Kf2 Kf7 40. Kf3 {[%mdl 32768] ZÜ?
Stellung ist sehr ausgeglichen} 1-0

[Event "SK Starnberg 1-SC Groebenzell 2"]
[Site "?"]
[Date "2024.11.10"]
[Round "3.4"]
[White "Ponater, Michael"]
[Black "Shahin, Walid"]
[Result "1/2-1/2"]
[WhiteElo "2034"]
[BlackElo "2055"]
[Annotator "Stockfish 17"]
[PlyCount "103"]
[EventDate "2024.??.??"]
[WhiteTeam "SK Starnberg 1"]
[BlackTeam "SC Gröbenzell 2"]

{[%evp 11,103,21,20,-7,-2,-15,-11,-14,-13,-14,-8,-5,5,-32,-23,-43,-13,-16,-9,
-12,4,9,5,6,6,7,3,-1,-3,-5,2,-6,3,-5,-3,-5,-5,-9,4,3,6,5,3,4,5,4,4,0,11,0,16,
-2,5,0,4,11,12,0,0,0,0,0,0,0,0,0,0,0,0,0,1,0,0,0,0,0,-4,-2,0,0,0,0,0,-1,0,0,0,
-2,0,-12,-4,-8,0,-6]} 1. e4 e6 2. d4 d5 3. exd5 {vermeidet einen Berg an
möglichern Varianten und Systemen} exd5 4. Bd3 Bd6 5. Nc3 Nf6 6. Bg5 c6 7. Qd2
O-O 8. Nge2 Nbd7 {[%cal Bb8d7,Bd7f8,Bf8e6][%mdl 32]} 9. O-O (9. O-O-O b5 10.
Ng3 Re8 11. Nf5 Bf8 12. Qf4 h6 13. h4 (13. Bh4 b4 (13... g5 14. Bxg5 hxg5 15.
Qxg5+ Kh8 16. Nh6 Bxh6 17. Qxh6+ Kg8 18. Qg5+ {kann schon remis sein}) 14. Na4
Qa5 15. b3 Ne4 $15) 13... Qa5 $2 {ist aber auch schlecht} (13... hxg5 $4 14.
hxg5 g6 15. gxf6 Qxf6 16. Qh2 Bg7 17. Qh7+ Kf8 18. Nxg7 Qxg7 19. Qh8+ $18) (
13... b4 14. Ne2 c5 15. dxc5 Qa5 16. c6 $14) 14. Nxh6+ (14. Bxh6 $1 gxh6 (14...
Nh5 15. Qg5 b4 16. Nb1 $18) 15. Rh3 Nh5 16. Qg4+ $18) 14... gxh6 15. Bxf6 {
Kraszewski,L-Lunenfeld,R Ivy League ch 1967}) 9... Re8 10. Rae1 h6 11. Bf4 Nf8
12. Ng3 Bxf4 13. Qxf4 Ne6 14. Qh4 Ng5 15. f4 Nge4 {[%mdl 64] [#] Hinlenkung}
16. Ncxe4 dxe4 17. Nxe4 Qxd4+ {[%mdl 64] Doppelangriff} 18. Qf2 Qxf2+ 19. Rxf2
$11 {[#] Und weiter mit Sxf6+ wäre nett.} Nxe4 20. Rxe4 {[%cal Re4e8]} Be6 {
die Stellung ist sehr einfach und sollte remis sein} 21. a3 b6 22. Rfe2 Kf8 23.
Kf2 Red8 24. Re5 Rd5 25. Rxd5 Bxd5 26. Be4 Bxe4 27. Rxe4 $11 {[%mdl 4096]
Endspiel KT-KT} Rd8 28. Ke2 Rd6 29. g3 f6 30. b4 Kf7 31. c3 Rd5 32. c4 Rh5 33.
h4 a5 34. Kf3 axb4 35. axb4 b5 36. cxb5 Rxb5 37. Rc4 Rb6 38. Ke4 Ke6 39. f5+
Kd6 40. Rd4+ Kc7 41. g4 Rb8 42. Kf4 Ra8 43. g5 hxg5+ 44. hxg5 Ra4 {Schwarz
will ...c5! spielen.} 45. Re4 Kd7 46. gxf6 gxf6 47. Re6 Rxb4+ 48. Ke3 Rb3+ 49.
Kd4 Rb4+ 50. Kc3 Rb5 51. Rxf6 Ke7 52. Rxc6 1/2-1/2

[Event "SK Starnberg 1-SC Groebenzell 2"]
[Site "?"]
[Date "2024.11.10"]
[Round "3.5"]
[White "Heinisch, Niklas"]
[Black "Flemming, Achim"]
[Result "1-0"]
[WhiteElo "1950"]
[BlackElo "2015"]
[Annotator "Stockfish 17"]
[PlyCount "79"]
[EventDate "2024.??.??"]
[WhiteTeam "SC Gröbenzell 2"]
[BlackTeam "SK Starnberg 1"]

{[%evp 21,79,39,46,51,38,39,46,34,38,37,69,54,86,87,164,159,156,120,168,142,
121,102,127,93,99,65,68,37,85,28,117,109,144,143,133,37,140,71,74,38,93,96,155,
48,45,44,44,40,195,191,265,256,284,276,282,282,312,265,378,396]} 1. c4 Nf6 2.
Nc3 e6 3. e4 d5 4. e5 d4 5. exf6 dxc3 6. bxc3 Qxf6 7. d4 c5 (7... b6 8. Nf3 Bb7
9. Be2 Bd6 {Mikenas,V-Bondarevsky,I sf ch-URS Gorki 1954 Eröffnung wird auch
nach Mikenas benannt}) 8. Nf3 cxd4 9. Bg5 Qf5 10. cxd4 Bb4+ 11. Bd2 {die
Stellung ist keineswegs ungewöhnlich} Nc6 (11... Qa5 12. Bd3 Nc6 13. Be4 Bxd2+
14. Qxd2 Qxd2+ 15. Kxd2 Bd7 {Cramling,D-Happel,H Viking Oslo 1981}) 12. Bxb4
Nxb4 13. Rb1 Nc6 14. Bd3 {Weiß steht etwas besser.} Qa5+ (14... Qf6 15. Be4
O-O 16. O-O Rd8 17. Bxc6 bxc6 18. Qa4 {Tal,M-Sosonko,G Hoogovens 1976}) 15. Qd2
Qxd2+ (15... O-O 16. Be4 Rd8 $2 17. Bxc6 Qxd2+ 18. Kxd2 bxc6 19. Kc3 $16 {
Romanishin,O-Jussupov,A Sarajevo 1984}) 16. Kxd2 O-O (16... b6 17. Rhc1 $1 Ba6
$2 18. Be4 $16 {Miles,A-Sosonko,G Tilburg 1977}) 17. Be4 Rd8 $2 (17... Na5 $16
{war nötig.}) 18. Kc3 $18 {bekannt aus Trapl,J-Baturinskij,V cr 1995} f6 19.
h4 (19. Rb5 Rd6 20. a4 {+ 1.90}) 19... h6 (19... Rd7 20. Bxc6 bxc6 21. Rhe1 Kf7
$16 {war das kleinere Übel}) 20. Rb2 Rd7 21. d5 (21. Bxc6 $142 bxc6 22. Rhb1)
21... exd5 22. Bxd5+ Kf8 23. Bxc6 (23. Rhb1 $142 Rc7 24. a4 $16) 23... bxc6 24.
Nd4 $14 Rc7 (24... Rd6 $142 25. Rc1 c5 26. Nb3 Rc6 {ist sehr ausgeglichen und
Stockfish - Stockfish würde immer remis enden}) 25. Re1 Kf7 $6 {ein riskanter
Weg} (25... c5 $11 26. Nb3 Rb8 {wäre wieder total im Lot}) 26. Rbe2 $36 {
[%mdl 2048] Schwarz muss aufpassen.} c5 27. Nb5 Rd7 {+ 1.80 die Stellung ist
für Schwarz viel schwieriger, als es aussieht} 28. Rd2 {vergibt den Vorteil} (
{Günstiger ist} 28. Re6 $1 $16 Kg6 (28... Rd3+ 29. Kxd3 Bxe6 30. Rxe6 Kxe6 {
scheitert an} 31. Nc7+) 29. Re7 {ist ein Plan}) 28... Re7 {[#]} (28... Rxd2 $14
29. Kxd2 Bd7 {ist sehr remislich}) 29. Rxe7+ (29. Nd6+ $142 $1 Kf8 30. Rxe7
Kxe7 31. Ne4) 29... Kxe7 {[%mdl 4096] Endspiel KTL-KTS} 30. Re2+ Kd8 (30... Kd7
$1 31. Rd2+ Kc6 32. Rd6+ Kb7 $11) 31. Nd6 $1 Kd7 $2 (31... Rb8 32. Ne4 Rb1 33.
Nxc5 Rh1 34. g3 g5 $16 35. hxg5 fxg5 36. Nd3 Ra1 37. Nb4 Bb7 {und Schwarz kann
noch hoffen}) 32. Ne8 $16 (32. Nf5 $1 g6 33. Nxh6 Bb7 34. f3 Kd6 35. Ng4 Rf8
$18) 32... Bb7 33. Nxg7 Bxg2 34. Nf5 Bh3 $2 (34... Re8 $14 35. Rd2+ (35. Rxe8
Kxe8 36. Kd3 Kd7 $11) 35... Kc7 {und jemand versuche mal, diese Steelung gegen
Stockfish zu gewinnen}) 35. Re7+ $18 ({Schlechter ist} 35. Nxh6 Rh8 $17) 35...
Kd8 {[#]} (35... Kc6 $142) 36. Rh7 $1 {Droht stark Th8+.} Rc8 (36... Rb8 37.
Nxh6) 37. Ne3 {die Stellung ist für Weiß gewonnen} Rc6 38. Rxa7 ({Jedoch
nicht} 38. Rxh6 Re6 $18) 38... f5 39. Nd5 Re6 40. Nf4 1-0

[Event "SK Starnberg 1-SC Groebenzell 2"]
[Site "?"]
[Date "2024.11.10"]
[Round "3.6"]
[White "Litzka, Matthias"]
[Black "Stocker, Rupert"]
[Result "1-0"]
[WhiteElo "2008"]
[BlackElo "1982"]
[Annotator "Stockfish 17"]
[PlyCount "75"]
[EventDate "2024.??.??"]
[WhiteTeam "SK Starnberg 1"]
[BlackTeam "SC Gröbenzell 2"]

{[%evp 20,75,40,20,22,23,22,16,15,17,23,-5,-4,-20,-6,-9,23,-1,0,1,22,18,91,38,
260,277,267,270,267,259,280,253,349,354,326,302,353,341,339,191,483,476,471,
453,29998,431,519,505,534,458,683,677,29994,29992,29988,693,952,898]} 1. c4 e6
2. Nc3 d5 3. d4 c5 4. cxd5 exd5 5. Nf3 Nc6 6. g3 (6. dxc5 d4 7. Na4 Bxc5 8.
Nxc5 Qa5+ 9. Bd2 Qxc5 10. e3 (10. b4 Nxb4 11. Rc1 Qd6 12. e3 $11 {ist eine
Variante von Stockfish}) 10... Bg4 11. exd4 Qe7+ 12. Be2 Bxf3 13. gxf3 {
Knaak,R-Lalic,B Varna 1985}) 6... Nf6 7. Bg2 Be7 8. O-O O-O 9. Bg5 c4 10. Ne5
Be6 11. b3 cxb3 12. axb3 Rc8 13. Nxc6 Rxc6 14. Qd3 a6 15. e3 Qc8 16. Na4 Bf5
17. Qe2 Rd8 18. Bxf6 Bxf6 19. Qd2 Be7 (19... Rc2 $5 {[%cal Rc2d2]} 20. Qa5 Qc6
$11) 20. Rfc1 Rc2 (20... g6 $11 {bleibt in der Remisbreite.}) 21. Qd1 {Droht
stark e4!} (21. Rxc2 Qxc2 22. Qxc2 Bxc2 23. Nc3 Bxb3 24. Rb1 Bc4 25. Rxb7 $14)
21... Qc6 $2 {[#]} ({Lieber} 21... Rc6 $14) 22. e4 $1 $18 {genau das hat der
Schwarze übersehen} Rxc1 23. Rxc1 Bg4 24. f3 Qh6 25. fxg4 {der Figurenverlust
hat sich folgerichtig ereignet} b5 26. Nc3 (26. exd5 Qe3+ 27. Kh1 bxa4 $16)
26... Qe3+ 27. Kh1 Ba3 28. Rc2 dxe4 29. Nxe4 (29. Bxe4 $142 Rxd4 30. Qf3) 29...
f5 $2 (29... Rxd4 {war eine bessere Chance} 30. Nd2 (30. Rc8+ Bf8 $18) 30... g6
) 30. gxf5 Rxd4 31. Rc8+ Kf7 (31... Bf8 $18 32. Qg1 Qxg1+ 33. Kxg1 g6) 32. Qb1
{gewinnt auch} (32. Qh5+ $142 g6 33. Qxh7#) 32... Bb4 33. h4 Qe2 {Weiss sollte
...Td1+ verhindern.} 34. Qc2 Qe1+ (34... Qxc2 $142 35. Rxc2 h6 36. Rc7+ Kf8)
35. Kh2 h6 36. Qc7+ Be7 37. Qf4 (37. Qe5 $142 Rd8 {[#]} 38. Nd6+ $1 {[%mdl 576]
Abzugsangriff} (38. Rxd8 Bxd8 39. Nd6+ {ging auch}) 38... Rxd6 39. Bd5+ Rxd5
40. Qxd5+ Kf6 41. Rc6+ {[%mdl 64] Doppelangriff} Bd6 42. Rxd6+ Ke7 43. Rd7+ Kf8
44. Qf7#) 37... Qd1 38. Qe5 {[%csl Gf5][%cal Re5e6]} 1-0

[Event "SK Starnberg 1-SC Groebenzell 2"]
[Site "?"]
[Date "2024.11.10"]
[Round "3.7"]
[White "Feierlein, Robert"]
[Black "Wehr, Stephan"]
[Result "0-1"]
[WhiteElo "1977"]
[BlackElo "1996"]
[Annotator "Stockfish 17"]
[PlyCount "58"]
[EventDate "2024.??.??"]
[WhiteTeam "SC Gröbenzell 2"]
[BlackTeam "SK Starnberg 1"]

{[%evp 20,58,37,19,29,-6,-5,-4,-8,-7,47,-60,-51,-54,-53,-44,-33,-33,-15,-16,
-12,-30,-6,-21,11,9,11,10,3,-2,9,10,5,-29,-25,-30,-30,-54,-48,-455,-463]} 1.
Nf3 Nf6 2. d4 e6 3. g3 b6 4. Bg2 Bb7 5. O-O Be7 6. c4 O-O 7. Nc3 Ne4 8. Qc2
Nxc3 9. Qxc3 f5 10. Rd1 (10. b3 Bf6 11. Bb2 d6 12. Rad1 {kommt durchaus öfter
mal vor} Nd7 13. Ne1 Bxg2 14. Nxg2 Bg5 15. Qc2 Bh6 16. e4 f4 17. Ne1 {
Petrosjan,T-Botwinnik,M Wch25 Moscow 1963}) 10... Bf6 11. Qb3 Qe7 12. Bd2 d6
13. Bc3 Nd7 {[%cal Bb8d7,Bd7c5,Bc5e4][%mdl 32]} 14. Rac1 g6 15. d5 $6 {nicht
sehr folgerichtig} (15. c5 $14) 15... e5 $15 16. Qc2 a5 17. b3 Bg7 18. a3 Nc5
19. b4 Ne4 20. Be1 axb4 21. axb4 $11 Ra7 22. Ra1 Rfa8 23. Rxa7 Rxa7 24. Nd2
Nxd2 25. Bxd2 e4 26. f3 {[%cal Rf3e4]} exf3 27. Bxf3 Bc8 28. Kf2 Bd7 {[#]} 29.
Bc3 $4 {[%mdl 8192] [#]} ({Lieber} 29. Qd3 $15) 29... Ba4 {[%mdl 64]} 0-1

[Event "SK Starnberg 1-SC Groebenzell 2"]
[Site "?"]
[Date "2024.11.10"]
[Round "3.8"]
[White "Absmaier, Friedrich"]
[Black "Seifert, Werner"]
[Result "0-1"]
[WhiteElo "1979"]
[BlackElo "1894"]
[Annotator "Stockfish 17"]
[PlyCount "114"]
[EventDate "2024.??.??"]
[WhiteTeam "SK Starnberg 1"]
[BlackTeam "SC Gröbenzell 2"]

{[%evp 13,114,34,35,24,25,20,24,28,28,-23,-17,-17,41,42,42,46,52,33,80,55,90,
94,166,40,40,44,52,-25,-26,-23,-24,-82,-81,-88,-83,-107,-33,-33,-39,-78,-78,
-84,-90,-86,-99,-230,-192,-228,-225,-518,-436,-413,-317,-326,-318,-300,-230,
-258,-216,-206,-204,-195,-199,-205,-75,-276,-265,-389,-381,-380,-160,-369,-373,
-368,-369,-653,-656,-630,-563,-545,-513,-537,-507,-472,-285,-212,-193,-478,
-453,-416,-8,-11,-19,-752,-734,-3211,-6035,-4976,-743,-708,-700,-665,-639]} 1.
e4 e6 2. d4 d5 3. e5 c5 4. c3 Nc6 5. Nf3 Qb6 6. a3 c4 7. Nbd2 f6 (7... Na5 8.
Be2 Bd7 9. O-O Ne7 {ist auch eine gut bekannte Spielweise}) 8. b3 (8. Be2 fxe5
9. Nxe5 Nxe5 10. dxe5 Bc5 {ist auch möglich} 11. O-O Nh6 $2 (11... Ne7 $142)
12. b4 $1 cxb3 13. Nxb3 Nf5 14. a4 {Bewertung + 1.80  Prie,E-Roos,J L FRA-ch
1994} (14. Nxc5 $1 Qxc5 15. a4 $18)) 8... fxe5 9. Nxe5 Nxe5 10. dxe5 Bc5 11.
Qf3 cxb3 12. Rb1 Qc7 13. Bb5+ Bd7 14. Bxd7+ Qxd7 15. Nxb3 $14 Bb6 16. O-O Ne7
17. Be3 Nc8 $6 (17... Nc6 $16) 18. Rfc1 $14 (18. a4 $16) (18. Bc5 $16) 18...
Qf7 $14 19. Qxf7+ Kxf7 20. Nc5 (20. c4 $14) 20... Bxc5 $11 21. Bxc5 b6 22. Bd4
$6 (22. Be3 $11) 22... Ne7 23. f4 h5 24. c4 Nf5 (24... dxc4 $17 25. Rxc4 Rhd8)
25. Bf2 $15 d4 26. c5 Rhc8 27. cxb6 {Schwarz muss nun Txc8 beachten.} Rxc1+ 28.
Rxc1 axb6 $15 {[%mdl 4096] [#] Endspiel KTL-KTS} 29. Rc7+ $2 (29. Rd1 $17 Rxa3
30. Bxd4 {ist schon wie eine technische Remisstellung}) 29... Kg6 $19 30. g3
Rxa3 31. Rc6 d3 {( -> ...d2)} 32. Rc1 b5 33. Rd1 Rb3 34. Kg2 Ne7 35. Kf3 Nd5 {
...d2+ ist eine echte Drohung.} 36. Rd2 b4 37. Bd4 Kf5 38. h3 g5 $2 {stellt
den Gewinn in Frage} (38... Kg6 $19 39. Ke4 Nc3+ 40. Ke3 Kf5 41. Rxd3 Nd5+ 42.
Ke2 Ra3) 39. fxg5 $2 (39. g4+ $17 {war die einzige Verteidigung.} hxg4+ 40.
hxg4+ Kg6 41. fxg5 Kxg5 42. Ke4 $11) 39... Kxg5 40. Ke4 (40. g4 $142 h4 41.
Be3+ Kg6 42. Bd4) 40... Nc3+ $1 41. Ke3 Nd5+ (41... Ne2 $19 {bietet bessere
Gewinnchancen.} 42. Bb6 Nxg3 43. Bd8+ Kg6 44. Rxd3 Ra3) 42. Ke4 $2 (42. Kf3 $17
{einziger Zug.}) 42... Nc3+ $1 43. Ke3 {[#]} Ne2 $1 44. Rxd3 Rxd3+ 45. Kxd3
Nxg3 {KL-KS} 46. Kc4 Nf5 47. Bc5 {und die Idee Lf2 ließe Weiss weiter hoffen.}
Kf4 48. Bxb4 Kxe5 49. Kd3 {[#]} Kf4 $1 50. Bd2+ $2 (50. Ke2) 50... Kf3 51. Bc3
Kg3 $2 (51... Ne7 $19 {Und weiter mit ...Sg6 wäre nett.} 52. Bg7 Ng6) 52. Ke4
$11 Kxh3 53. Ke5 $2 {[%mdl 8192]} (53. Kf4 $11 Kg2 54. Bf6 Kh3 55. Ke5 Ng3 56.
Bd8 Kg4 57. Bf6 {und das Remis ist perfekt}) 53... Kg4 $19 {Schwarz steht klar
auf Gewinn.} 54. Kxe6 h4 55. Be5 Ng3 (55... h3 56. Bh2 Ng3) 56. Bd4 h3 57. Bg1
Kf3 0-1

[Event "SK Landau-Dingolfing 1-SK Bruckmuehl 1"]
[Site "?"]
[Date "2024.11.10"]
[Round "3.1"]
[White "Uebele, Peter"]
[Black "Albrecht, Manuel"]
[Result "1/2-1/2"]
[WhiteElo "2080"]
[BlackElo "1923"]
[Annotator "Stockfish 17"]
[PlyCount "53"]
[EventDate "2024.??.??"]
[WhiteTeam "SK Bruckmühl 1"]
[BlackTeam "SK Landau-Dingolfing 1"]

{[%evp 14,53,42,38,48,52,51,49,65,62,100,103,119,13,22,28,27,31,37,22,84,85,86,
84,77,82,103,-25,-27,-132,-33,-37,-43,-39,-35,-45,-39,-69,1,0,0,-22]} 1. d4 Nf6
2. Nf3 g6 3. g3 Bg7 4. Bg2 O-O 5. c4 d6 6. Nc3 Nc6 7. d5 Na5 8. b3 c5 9. Bb2 a6
10. O-O b5 (10... Rb8 11. Nd2 b5 12. Qc2 bxc4 13. bxc4 Bh6 14. f4 e5 {kommt
oft vor}) 11. cxb5 axb5 12. Nxb5 $16 Qb6 13. a4 (13. Na3 $142 $1 $16) 13... Bd7
$14 14. Nd2 Bxb5 15. axb5 Qxb5 16. Qc2 Nd7 (16... Rab8 $11) 17. Bxg7 Kxg7 18.
Qc3+ Kg8 19. Qe3 Rfe8 20. Ra4 $6 (20. Rfb1 $16) 20... c4 $1 $11 {[%cal Rc4b3]}
21. Rfa1 {[#]} (21. Nxc4 $11 {hält das Gleichgewicht.} Nxb3 22. Rxa8 Rxa8 23.
Nb2 (23. Qxe7 Qxc4 24. Qxd7 Nd2 $17)) 21... cxb3 (21... Nb6 $1 $17 {[%cal
Rc4b3]} 22. R4a3 cxb3) 22. Nxb3 $15 {[%cal Ra4a5]} Nc4 23. Rxa8 Nxe3 24. Rxe8+
Kg7 $1 {...Sf6 ist eine echte Drohung.} 25. Rxe7 {[#]} Nxg2 (25... Ne5 $1 $15
26. fxe3 Qxb3) 26. Kxg2 Qxd5+ 27. e4 1/2-1/2

[Event "SK Landau-Dingolfing 1-SK Bruckmuehl 1"]
[Site "?"]
[Date "2024.11.10"]
[Round "3.2"]
[White "Popp, Michael"]
[Black "Blaskowski, Johannes"]
[Result "1-0"]
[WhiteElo "1973"]
[BlackElo "2227"]
[Annotator "Stockfish 17"]
[PlyCount "85"]
[EventDate "2024.??.??"]
[WhiteTeam "SK Landau-Dingolfing 1"]
[BlackTeam "SK Bruckmühl 1"]

{[%evp 18,85,66,68,79,66,80,71,68,63,78,49,63,0,9,0,29,30,121,111,136,48,202,
225,201,22,21,-98,-97,-140,-69,-61,-50,-52,34,31,45,33,44,52,60,57,101,33,101,
94,195,209,180,201,387,388,375,375,372,354,454,325,324,302,316,319,380,393,380,
378,453,457,702,705]} 1. c4 Nf6 2. Nc3 g6 3. e4 d6 4. d4 Bg7 5. Nf3 O-O 6. Be2
c6 7. O-O a6 8. h3 b5 9. a3 (9. e5 $16) 9... bxc4 10. Bxc4 d5 11. exd5 cxd5 12.
Bd3 Nc6 13. Be3 Na5 14. Nd2 Bb7 15. Qe2 Re8 16. f4 Nh5 {Und ...Sg3 würde nun
gewinnen.} 17. Qf2 f5 $6 (17... e6 $11) 18. b4 $16 Nc6 19. Na4 (19. Nf3 $16)
19... Rf8 $2 (19... e5 $1 $14 20. fxe5 f4) 20. Nc5 $18 Bc8 21. Rfc1 $2 (21. Nf3
$1 $18) 21... e5 $1 $11 {[%cal Re5d4] [#]} 22. Ncb3 $2 ({Doch nicht} 22. fxe5
f4 $17) (22. Ne6 $1 $11 {hält das Gleichgewicht.} Bxe6 23. Rxc6 {[%mdl 64]
Doppelangriff}) 22... exf4 $17 23. Rxc6 $6 {[#]} fxe3 (23... Qe8 $1 $17 24.
Bxf4 (24. Rxc8 $2 fxe3 25. Rxe8 exf2+ 26. Kxf2 Rfxe8 $19) 24... Qxc6) 24. Qxe3
$15 f4 25. Qf2 Bb7 (25... g5 $15) 26. Rc2 $14 Qb6 27. Nc5 Rae8 28. Nf3 {
Schwarz muss nun Sd7 beachten.} Bc8 29. Re1 Qd6 $6 {[#]} 30. Rce2 (30. Rxe8 $1
$16 Rxe8 31. Re2) 30... Rxe2 ({Besser ist} 30... Re3 $14) 31. Qxe2 $16 Bf6 $2 (
31... g5 $16) 32. Bxa6 $18 Ng3 33. Qb5 Nf5 $2 (33... Bxa6 34. Qxa6 Qxa6 35.
Nxa6 Nf5) 34. Bxc8 Rxc8 35. Re8+ Rxe8 36. Qxe8+ Kg7 37. Qe6 Qxe6 38. Nxe6+ Kf7
39. Nxf4 Bxd4+ 40. Nxd4 Nxd4 {KS-KS} 41. a4 {[%cal Ba3a4,Ba4a5][%mdl 32]} Nc2
42. b5 {zielt auf a5 ab.} Nb4 (42... Nd4 $142 43. Kf2 Ke7) 43. a5 1-0

[Event "SK Landau-Dingolfing 1-SK Bruckmuehl 1"]
[Site "?"]
[Date "2024.11.10"]
[Round "3.3"]
[White "Caspers, Christian"]
[Black "Schultes, Christoph"]
[Result "1/2-1/2"]
[WhiteElo "2016"]
[BlackElo "1980"]
[Annotator "Stockfish 17"]
[PlyCount "89"]
[EventDate "2024.??.??"]
[WhiteTeam "SK Bruckmühl 1"]
[BlackTeam "SK Landau-Dingolfing 1"]

{[%evp 23,89,9,6,1,23,-2,1,-16,51,54,38,36,62,35,38,32,131,124,132,129,266,256,
276,192,193,174,184,166,201,173,214,212,223,61,66,65,64,63,59,60,58,59,62,57,
61,57,84,15,136,151,116,25,25,24,166,6,7,6,6,3,4,3,3,0,7,8,21,21]} 1. d4 d5 2.
c4 e6 3. Nc3 Be7 4. cxd5 exd5 5. Bf4 c6 6. Qc2 Bd6 7. Bxd6 Qxd6 8. e3 Nf6 9.
Bd3 Nbd7 10. Nf3 O-O 11. h3 Re8 12. O-O-O Qe7 13. g4 Ne4 14. Kb1 Nxc3+ 15. Qxc3
Nf6 (15... Qf6 $11 16. Be2 Nb6) 16. Ne5 Ne4 17. Qc2 f6 18. Nf3 Bd7 19. Nh4 f5
$6 (19... c5 $14) 20. Nxf5 $16 Bxf5 21. gxf5 {[#]} Rac8 $2 (21... Qh4 $16) 22.
f3 $1 $18 {[%cal Rf3e4]} Nf6 23. Rhe1 (23. e4 $1 c5 (23... dxe4 24. fxe4 $18)
24. e5 $18) 23... c5 {und wenn ...cxd4 ginge, stände Schwarz gut.} 24. dxc5
Rxc5 25. Qd2 Rec8 26. Rc1 Kf8 27. Rxc5 Qxc5 28. Rc1 $2 {vergibt den Sieg} (28.
Bc2 $18) 28... Qxc1+ $14 29. Qxc1 Rxc1+ 30. Kxc1 {[%mdl 4096] Endspiel KL-KS}
Ke7 31. Kd2 Kd6 $1 32. Kc3 Ke5 33. f4+ Kd6 34. Kd4 h6 35. b4 {[#]} Ng8 $2 (
35... Nh5 $11 {bleibt in der Remisbreite.}) 36. Bc2 $18 Ne7 37. a3 (37. b5 $1
Ng8 38. Bb3 Ne7 39. e4 dxe4 40. Kxe4 $18) 37... Nc6+ $1 $11 38. Kc3 b6 $2 {[#]}
(38... Ne7 $11 {und Schwarz muss sich keine Sorgen machen.}) 39. e4 $2 (39. b5
$1 $18 {[%cal Rb5c6]} Ne7 40. Kd4) 39... dxe4 {Die Stellung ist ausgeglichen.}
40. Bxe4 Ne7 41. Kd4 Ng8 $1 42. Bd5 Nf6 {[%cal Rf6d5]} 43. Bf3 Ng8 44. Kc4 Ne7
45. Be4 1/2-1/2

[Event "SK Landau-Dingolfing 1-SK Bruckmuehl 1"]
[Site "?"]
[Date "2024.11.10"]
[Round "3.4"]
[White "Hirtreiter, Alexander"]
[Black "Kieffer, Joachim"]
[Result "1/2-1/2"]
[WhiteElo "1912"]
[BlackElo "1991"]
[Annotator "Stockfish 17"]
[PlyCount "31"]
[EventDate "2024.??.??"]
[WhiteTeam "SK Landau-Dingolfing 1"]
[BlackTeam "SK Bruckmühl 1"]

{[%evp 9,31,15,17,19,25,6,19,-111,-5,-10,-8,3,-5,-23,20,27,39,7,5,4,0,-1,9,-29]
} 1. e4 d6 2. Nc3 g6 3. Bc4 Bg7 4. d3 Nc6 5. a3 Nf6 6. f4 Bg4 7. Nge2 Nd4 8.
O-O $6 {[#]} (8. h3 $11 {hält das Gleichgewicht.} Bxe2 9. Nxe2) 8... Nxe2+ (
8... d5 $1 $17 {[%cal Rd5c4]} 9. exd5 {[#]} (9. Bxd5 Nxe2+) 9... Nxd5 $1 10.
Qd2 (10. Bxd5 Nxe2+ 11. Nxe2 Qxd5 $17) 10... O-O) 9. Nxe2 $11 d5 10. exd5 Nxd5
11. h3 Bxe2 12. Qxe2 O-O 13. c3 e6 14. d4 Qd6 15. Qf2 Rac8 16. Bxd5 1/2-1/2